Palindromy - Statystyki

Ogólne statystyki
  • Ten quiz został rozwiązany 9 458 razy
  • Średni wynik to 15 z 20
Statystyki odpowiedzi
Wskazówka Słowo % Poprawnych
Np. czosnkowy, 1000 wysp Sos
99%
Łódź z wiosłami dla jednej osoby Kajak
95%
Włosy związane z tyłu głowy Kok
91%
Narząd wzroku Oko
91%
Gatunek muzyki popularnej Pop
91%
Oczy patrzące w różną stronę Zez
91%
Używany do wykrywania samolotów Radar
90%
On, ona Ono
85%
Noe zbudował arkę, bo nadchodził Potop
81%
Odmiana dużej papugi Ara
79%
Zabrania czegoś Zakaz
79%
Za niedługo, za moment Zaraz
70%
Jacyś odmienni, nie ci Inni
68%
Niemy aktor kojarzony z niewidzialnym pudłem Mim
63%
Inaczej "Proszę Pani" (z francuskiego) Madam
60%
Roślina strączkowa Bób
55%
Nie warzywnie Owocowo
51%
Duży skok Sus
50%
Inaczej muszla klozetowa Sedes
49%
Potocznie poziom doświadczenia Level
48%
Nie znaleziono quizów pasujących do podanych kryteriów
Rozkład punktacji
Procent ludzi z każdym wynikiem
Percentyl według liczby udzielonych odpowiedzi
Twoja historia wyników
Nie rozwiązałeś tego quizu